Comportamiento organizacional: conceptos, controversias y aplicaciones

Tallennettuna:
Bibliografiset tiedot
Päätekijä: Robbins, Stephen P (Tekijä)
Aineistotyyppi: Kirja
Kieli:espanja
Julkaistu: Ciudad de México Prentice-Hall Hispanoamericana 1987
Painos:3a. ed
Aiheet:
Tagit: Lisää tagi
Ei tageja, Lisää ensimmäinen tagi!

MARC

LEADER 00000nam a2200000 a 4500
001 UCV6725
003 CL-VaPUC
008 881025e19870000MX |||||||||||||||||spa|d
082 0 4 |a 658.1  |b ROB  |2 21 
100 0 |a Robbins, Stephen P  |e author  |9 300781 
245 1 0 |a Comportamiento organizacional: conceptos, controversias y aplicaciones 
250 |a 3a. ed 
300 |a 566 p 
942 |c BK 
945 |d 19881025 00:00:00  |a mfernand 
260 |a Ciudad de México  |b Prentice-Hall Hispanoamericana  |c 1987 
650 7 |a CONDUCTA ORGANIZACIONAL  |2 CL-VaPUC  |9 263671 
583 |a last modification  |c 19881025 00:00:00  |k Rodrigo Vera 
999 |c 212627  |d 212625 
952 |0 0  |1 0  |4 0  |6 658_100000000000000_ROB_1987  |7 0  |8 R  |9 193792  |a BIBEDU  |b BIBEDU  |d 2019-11-14  |i 2619474  |o 658.1 ROB 1987  |p 2619474  |r 2019-11-14  |w 2019-11-14  |y BK_R  |k EDU 
952 |0 0  |1 0  |4 0  |6 658_100000000000000_ROB_1987  |7 0  |8 R  |9 193793  |a BIBEDU  |b BIBEDU  |d 2019-11-14  |i 2619482  |o 658.1 ROB 1987  |p 2619482  |r 2019-11-14  |w 2019-11-14  |y BK_R  |k EDU 
952 |0 0  |1 0  |4 0  |6 658_100000000000000_ROB_1987  |7 0  |8 P  |9 193794  |a BIBGIM  |b BIBGIM  |d 2019-11-14  |i 2619504  |o 658.1 ROB 1987  |p 2619504  |r 2025-01-15  |w 2019-11-14  |y BK  |k SSL 
952 |0 0  |1 0  |4 0  |6 658_100000000000000_ROB_1987  |7 0  |8 A  |9 193798  |a BIBING  |b BIBING  |d 2019-11-14  |i 2985462  |o 658.1 ROB 1987  |p 2985462  |r 2023-03-02  |w 2019-11-14  |y BK  |k EII 
952 |0 0  |1 0  |4 0  |6 658_100000000000000_ROB_1987  |7 0  |8 A  |9 193799  |a BIBING  |b BIBING  |d 2019-11-14  |i 4514807  |o 658.1 ROB 1987  |p 4514807  |r 2025-01-20  |w 2019-11-14  |y BK  |k EII